Car Models by Picture #28 - Statistics

General Stats
  • This quiz has been taken 69 times
  • The average score is 6 of 12
Answer Stats
Picture Hint Answer % Correct
BMW X3
91%
Peel P50
67%
Honda S2000
67%
Aston Martin Vulcan
65%
Mercedes-Benz B-Class
63%
Škoda Superb
53%
Chevrolet Suburban
47%
Hyundai Ioniq 5
42%
Bentley Flying Spur
40%
Alfa Romeo 156
30%
Lamborghini Jalpa
23%
MG ZR
14%
No matching quizzes found
Score Distribution
Percent of People with Each Score
Percentile by Number Answered
Your Score History
You have not taken this quiz